Statistics for [路線図付き] JR東日本 常磐線各駅停車 駅名穴埋めクイズ

Click here to take the quiz!

General Stats

  • This quiz has been taken 406 times
  • The average score is 13 of 15

Answers on the Map

Answers color-coded by a green-red scale on the quiz's map according to % correct below.
 

Answer Stats

Answer% Correct
常磐線各駅停車C18北千住
97%
常磐線各駅停車JL19綾瀬
94%
常磐線各駅停車JL28
94%
常磐線各駅停車JL22松戸
93%
常磐線各駅停車JL30我孫子
93%
常磐線各駅停車JL32取手
93%
常磐線各駅停車JL21金町
88%
常磐線各駅停車JL25新松戸
88%
常磐線各駅停車JL29北柏
87%
常磐線各駅停車JL20亀有
86%
常磐線各駅停車JL31天王台
85%
常磐線各駅停車JL23北松戸
83%
常磐線各駅停車JL24馬橋
81%
常磐線各駅停車JL27南柏
81%
常磐線各駅停車JL26北小金
73%

Score Distribution

Percentile by Number Answered

Percent of People with Each Score

Your Score History

You have not taken this quiz